1255 1904 1343 1691 1107 1307 1621 1928 1514 1488 1390 1043 1140 1668 1533 1830 1570 1288 1489 1007 1028 1050 1145 1729 1619 1742 1228 1983 1114 1409 1483 1437 1973 1966 1704 1058 1288 1381 1087 1093 1326 1715 1622 1923 1347 1384 1571 1884 1546 1004 1822 1982 1171 1543 1472 1966 1473 1353 1378 1831 1608 1555 1035 1721 1287 1831 1789 1218 1175 1219 1398 1447 1865 1966 1075 1968 1010 1861 1961 1627 1307 1357 1271 1055 1336 1094 1459 1605 1341 1565 1365 1098 1054 1421 1541 1263 1506 1945 1195 BCNSPRNW ULIB Ver.6.0+V

เปลี่ยนเป็นภาษาไทย

Change to English
 แสดงรายละเอียดบรรณานุกรม
  กลับหน้าหลัก

Brief Record : Get Marc (ISO 2709) : E-mail record : QR code < ปิดหน้าต่าง
LEADER : 00000nam 2200000uu 4500
001    13399113481
003     ULIB
008    111121s2550||||th 000 0 tha d
020    ^a9789749530054
060 04 ^aQZ365^bค695
245 00 ^aคู่มือต้านมะเร็งด้วยการแพทย์แผนไทย /^cบรรณาธิการ, เพ็ญนภาทรัพย์เจริญ ; คณะผู้เขียน, กิติ จินดาวิจักษณ์ ... [และคนอื่นๆ]
250    ^aพิมพ์ครั้งที่ 3
260    ^aนนทบุรี :^bมูลนิธิการแพทย์แผนไทยพัฒนา,^c2550
300    ^a75 หน้า :^bภาพประกอบ ;^c21 ซม.
650  7 ^aการแพทย์แผนโบราณ^zไทย
650  7 ^aมะเร็ง^xการรักษา
700 0  ^aเพ็ญนภา ทรัพย์เจริญ,^eบรรณาธิการ
700 0  ^aกิติ จินดาวิจักษณ์
710 2  ^aมูลนิธิการแพทย์แผนไทยพัฒนา. ^bศูนย์พัฒนาตำราการแพทย์แผนไทย
945    ^p100^l0^i14314
995    ^aกัณชพร
999    ^aใช้งานได้ทุกระบบ
รายการนี้ยังไม่มีแท็ก
คุณยังไม่ได้ล็อกอิน คุณสามารถมีกิจกรรมร่วมกับเว็บไซต์ได้ แต่ต้องล็อกอินก่อน ::
  ล็อกอิน

รายการสื่อสารสนเทศ

ลำดับที่ ประเภท เลขเรียก/บาร์โค้ด สถานที่ สถานะ
- ไม่พบข้อมูล -

รายการใกล้เคียง
    หัวเรื่อง [การแพทย์แผนโบราณ ไทย]
    หัวเรื่อง [มะเร็ง การรักษา]

BibComment


ยังไม่เคยถูกคอมเมนท์

คอมเมนท์ทรัพยากรรายการนี้
  คอมเมนท์: คู่มือต้านมะเร็ง..


 Copyright 2026. Bcnsprnw @Library